书目信息 |
| 题名: |
电脑音乐制作大师CakeWalk 9.0
|
|
| 作者: | 师勇 编著 | |
| 分册: | ||
| 出版信息: | 北京 科学出版社 2005 |
|
| 页数: | 414页 | |
| 开本: | 26cm | |
| 丛书名: | 影视艺术新媒体丛书 | |
| 单 册: | ||
| 中图分类: | J614.8-39 | |
| 科图分类: | ||
| 主题词: | 多媒体--计算机应用--作曲 , 多媒体 , 作曲 , 计算机应用 | |
| 电子资源: | ||
| ISBN: | 7-03-015752-4 | |
| 000 | 01012oam2 2200313 450 | |
| 001 | 002993832 | |
| 005 | 20061106170213.68 | |
| 010 | @a7-03-015752-4@dCNY45.00 | |
| 100 | @a20050119d2005 em y0chiy0110 ea | |
| 101 | 0 | @achi |
| 102 | @aCN@b110000 | |
| 105 | @aa z 000yy | |
| 200 | 1 | @a电脑音乐制作大师CakeWalk 9.0@9dian nao yin yue zhi zuo da shi CakeWalk 9.0@f师勇编著 |
| 210 | @a北京@c科学出版社@d2005 | |
| 215 | @a414页@c图@d26cm@e1光盘 | |
| 225 | 2 | @a影视艺术新媒体丛书 |
| 300 | @a“十五”国家重点电子出版物规划项目 | |
| 307 | @a附光盘:ISBN 7-900031-91-X | |
| 330 | @a本书内容包括:电脑音乐技术基础、电脑音乐系统、CakeWalk 9.0快速入门、CakeWalk 9.0的工作窗口、乐曲制作实例等。 | |
| 461 | 0 | @12001 @a影视艺术新媒体丛书 |
| 606 | 0 | @a多媒体@x计算机应用@x作曲 |
| 606 | 0 | @a多媒体 |
| 606 | 0 | @a作曲 |
| 606 | 0 | @a计算机应用 |
| 610 | 0 | @aCakewalk |
| 690 | @aJ614.8-39@v4 | |
| 701 | 0 | @a师勇@9shi yong@c(计算机应用)@4编著 |
| 801 | 0 | @aCN@bNLC@c20061106 |
| 905 | @a10447@dJ614.8-39@e354 | |
| 电脑音乐制作大师CakeWalk 9.0/师勇编著.-北京:科学出版社,2005 |
| 414页:图;26cm+1光盘.-(影视艺术新媒体丛书) |
| “十五”国家重点电子出版物规划项目 |
| ISBN 7-03-015752-4:CNY45.00 |
| 本书内容包括:电脑音乐技术基础、电脑音乐系统、CakeWalk 9.0快速入门、CakeWalk 9.0的工作窗口、乐曲制作实例等。 |
| ● |
| 相关链接 |
|
|
|
|
正题名:电脑音乐制作大师CakeWalk 9.0
索取号:J614.8-39/354
 
预约/预借
| 序号 | 登录号 | 条形码 | 馆藏地/架位号 | 状态 | 备注 |
| 1 | 0382066 | 203820669 | 第一样本阅览室/ [索取号:J614.8-39/354] | 在馆 | |
| 2 | 0382067 | 203820678 | 第一借阅区/ [索取号:J614.8-39/354] | 在馆 |